000 00596nam a2200217Ia 4500
005 20241129104139.0
008 241129s9999||||xx |||||||||||||| ||und||
020 _a9780190125028
037 _aTextual
040 _aRTL
_beng
_cRTL
041 _aeng
_2eng
084 _aX:77.2 R1
_qRTL
100 _aDatta K L
_9450329
245 0 _aGrowth and development planning in India
_cDatta K L
260 _aNew Delhi
_bOxford University Press
_c2021
300 _avii,372p.
365 _aINR
_b1595
650 _aEconomics
942 _cTB
_hX:77.2 R1
999 _c1224618
_d1224618